Knižná horúčka v Budapešti

Bibliographic Details
Main Author: Garajszki, Margit, 1983- (Author)
Format: Article
Language:Slovak
Subjects:

MARC

LEADER 00000nab a2200000 ar4500
001 vtls008986018
003 SK-MaSNL
005 20260304165342.0
008 070503c2007 xo sr|n|||||||000 b|slo
015 |a SNBRB2007/05  |2 snkbucl 
040 |a SNKBUCL  |b slo  |c SNKBUCL  |e AACR2 
041 0 |a slo 
044 |a xo  |c SK 
080 |a 655.55:061.4  |x (439)  |2 2001 
080 |a 002.2:061.4  |x (439)  |2 2001 
100 1 |a Garajszki, Margit,  |d 1983-  |4 aut  |9 118671 
245 1 0 |a Knižná horúčka v Budapešti  |c Margit Garajszki 
611 2 7 |a Budapeštiansky medzinárodný knižný festival  |d (2007 :  |c Budapešť, Maďarsko)  |2 snkbucl  |9 1495412 
650 0 7 |a knižné veľtrhy  |2 snkbucl  |9 28649 
651 7 |a Budapešť (Maďarsko)  |2 snkbucl  |9 17734 
773 0 |t Mosty  |g Roč. 16, č. 8 (2007), s. 11 
852 |a SNK  |b KIS3GCP 
958 |a HU 
958 |a KL 
999 |c 2983921  |d 2985851